000 01083nam a2200289Ia 4500
999 _c54296
_d54296
001 21352
003 GE_BSU
005 20211029151914.0
008 181216s2017||||ru |||||||||||||| ||rus||
020 _a9785756708745
040 _cGE_BSU
080 _a327 Н-62
100 _aНикитин, А. И.
_912756
245 _aМеждународные конфликты :
_b Вмешательство, миротворчество, урегулирование /
_cА. И. Никитин.
264 _aМосква :
_bАспект-Пресс,
_c2017.
300 _a383 стр. ;
_c24 см.
541 _h101 л.
653 _aМеждународные конфликты
653 _aВмешательство
653 _a миротворчество
653 _a урегулирование
653 _aПолитика
653 _aპოლიტიკა
653 _aსაერთაშორისო კონფფლიქტები
710 _aМосковский гос. ин-т междунар. отнош.
_912464
942 _cBK
_2udc